Normal view
MARC view
- Management of third world crises in adverse partnership theory and practice
Entry Topical Term
001 - CONTROL NUMBER
- control field: 105006
003 - CONTROL NUMBER IDENTIFIER
- control field: NUST
005 - DATE AND TIME OF LATEST TRANSACTION
- control field: 20221215144612.0
008 - FIXED-LENGTH DATA ELEMENTS
- fixed length control field: 221215|| aca||aabn | a|a d
040 ## - CATALOGING SOURCE
- Original cataloging agency: NUST
- Transcribing agency: NUST
150 ## - HEADING--TOPICAL TERM
- Topical term or geographic name entry element: Management of third world crises in adverse partnership theory and practice
670 ## - SOURCE DATA FOUND
- Source citation: Work cat.: (NUST)184087: Bokhari, Imtaiz H 105004, Management of third world crises in adverse partnership :, 2001
